00320nam a2200133Ia 4500008004100000041000800041082001200049100001600061245002200077260003600099300003300135365001200168440000600180240624s9999 xx 000 0 und d aeng a657 MCP aMCPHAIL KEN aACCOUNTING ETHICS c2013aLondonbSage Publications axlvii, : 358 : p. : cm. ; 24 cGBPb38 v4